| 000 | 01249nam a2200325 a 4500 | ||
|---|---|---|---|
| 001 | BRL_1394 | ||
| 005 | 20190320211201.0 | ||
| 008 | 100114s1983----u--ao#####---#000-0#eng-# | ||
| 020 | _a093345208X | ||
| 041 | _aeng | ||
| 044 | _au | ||
| 050 | 4 |
_aE99.P9 _b.K46 1983 |
|
| 100 | 1 |
_aKent, Kate Peck _926756 |
|
| 245 | 1 | 0 |
_aPueblo indian textiles _ba living tradition _cKate Peck Kent ; photographer Deborah Flynn ; illustrator Arminta Neal. |
| 260 |
_aSanta Fe, New Mexico _bSchool of American Research _c1983 |
||
| 300 |
_axiv, 118 p. _bil., fotografías, mapas _c26 cm. |
||
| 440 | 0 |
_aStudies in American Indian art _926757 |
|
| 500 | _aAu1649 | ||
| 500 | _aIncluye índice | ||
| 500 | _aWith a catalogue of the School of American Research collection. | ||
| 504 | _aBibliografía: p. 109-113. | ||
| 610 | 2 | 4 |
_aSchool of American Research (Santa Fe, New Mexico) _vCatálogos _926758 |
| 650 | 1 | 4 |
_aPueblos indígenas _vCatálogos _xIndustria textil _926759 |
| 650 | 1 | 4 |
_aIndígenas del Norte de América _vCatálogos _xIndustria textil _926760 |
| 650 | 1 | 4 |
_aIndistría textil índigena _vCatálogos _zAmérica del Norte _926761 |
| 700 | 1 |
_aFlynn, Deborah _eil. _926762 |
|
| 700 | 1 |
_aNeal, Arminta _eil. _926763 |
|
| 902 | _aGRL | ||
| 942 |
_2lcc _cB |
||
| 999 |
_c10205 _d10205 |
||